Epistemology and spiritual authority : (Record no. 2587)

MARC details
000 -LEADER
fixed length control field 00897nam a2200205 i 4500
003 - CONTROL NUMBER IDENTIFIER
control field OSt
005 - DATE AND TIME OF LATEST TRANSACTION
control field 20250127104016.0
006 - FIXED-LENGTH DATA ELEMENTS--ADDITIONAL MATERIAL CHARACTERISTICS
fixed length control field a|||||r|||| 00| 0
008 - FIXED-LENGTH DATA ELEMENTS--GENERAL INFORMATION
fixed length control field 250127s1989 au |||||r|||| 00| 0 eng d
040 ## - CATALOGING SOURCE
Original cataloging agency LHL
Transcribing agency LHL
100 ## - MAIN ENTRY--PERSONAL NAME
Personal name Van Bijlert, Vittorio A.
245 ## - TITLE STATEMENT
Title Epistemology and spiritual authority :
Remainder of title th development of epistemology and logic in the old Nyaya and the buddhist school of epistemology with an annotated translation of Dharmakirti's Pramanavarttika II (Pramanasiddhi) VV. 1-7 /
Statement of responsibility, etc. Vittorio A. Van Bijlert.
264 ## - PRODUCTION, PUBLICATION, DISTRIBUTION, MANUFACTURE, AND COPYRIGHT NOTICE
Place of production, publication, distribution, manufacture Vienna, AU. ;
Name of producer, publisher, distributor, manufacturer Arbeitskreis fur Tibetische und Buddhistische Studien Universitat Wien,
Date of production, publication, distribution, manufacture, or copyright notice 1989.
300 ## - PHYSICAL DESCRIPTION
Extent xxviii, 191 pages ;
Dimensions 24 cm.
336 ## - CONTENT TYPE
Source rdacontent
Content type term text
Content type code txt
337 ## - MEDIA TYPE
Source rdamedia
Media type term unmediated
Media type code n
338 ## - CARRIER TYPE
Source rdacarrier
Carrier type term volume
Carrier type code nc
490 ## - SERIES STATEMENT
Series statement Wiener studien zur Tibetologie und Buddhismuskunde
Volume/sequential designation Vol. 20
942 ## - ADDED ENTRY ELEMENTS (KOHA)
Source of classification or shelving scheme Lindholme Classification Scheme
Koha item type Book
Suppress in OPAC No
Holdings
Withdrawn status Lost status Source of classification or shelving scheme Damaged status Not for loan Collection Home library Current library Date acquired Total checkouts Full call number Barcode Date last seen Price effective from Koha item type
    Lindholme Classification Scheme     Mahayana Buddhism Lindholme Hall Library Lindholme Hall Library 27/01/2025   494 VAN 2408160 27/01/2025 27/01/2025 Book